|
|
|
|
| LEADER |
00000naa a2200000 c 4500 |
| 001 |
189201016X |
| 003 |
DE-627 |
| 005 |
20240621124444.0 |
| 007 |
cr uuu---uuuuu |
| 008 |
240621s2018 xx |||||o 00| ||eng c |
| 035 |
|
|
|a (DE-627)189201016X
|
| 035 |
|
|
|a (DE-599)KXP189201016X
|
| 040 |
|
|
|a DE-627
|b ger
|c DE-627
|e rda
|
| 041 |
|
|
|a eng
|
| 084 |
|
|
|a 0
|2 ssgn
|
| 100 |
1 |
|
|e VerfasserIn
|0 (DE-588)138521530
|0 (DE-627)696687852
|0 (DE-576)187989001
|4 aut
|a Djupe, Paul A.
|d 1971-
|
| 109 |
|
|
|a Djupe, Paul A. 1971-
|a Djupe, Paul 1971-
|
| 245 |
1 |
0 |
|a Reconsidering the role of politics in leaving religion
|b the importance of affiliation
|
| 264 |
|
1 |
|c 2018
|
| 336 |
|
|
|a Text
|b txt
|2 rdacontent
|
| 337 |
|
|
|a Computermedien
|b c
|2 rdamedia
|
| 338 |
|
|
|a Online-Ressource
|b cr
|2 rdacarrier
|
| 601 |
|
|
|a Religion
|
| 700 |
1 |
|
|e VerfasserIn
|0 (DE-588)120630331X
|0 (DE-627)1692299654
|4 aut
|a Neiheisel, Jacob R.
|
| 700 |
1 |
|
|e VerfasserIn
|0 (DE-588)1195740352
|0 (DE-627)1677816066
|4 aut
|a Sokhey, Anand Edward
|d 1981-
|
| 773 |
0 |
8 |
|i Enthalten in
|t American journal of political science
|d Hoboken, NJ : Wiley, 1973
|g 62(2018), 1, Seite 161-175
|h Online-Ressource
|w (DE-627)311822215
|w (DE-600)2010010-3
|w (DE-576)094425396
|x 1540-5907
|7 nnas
|
| 773 |
1 |
8 |
|g volume:62
|g year:2018
|g number:1
|g pages:161-175
|
| 951 |
|
|
|a AR
|
| ELC |
|
|
|a 1
|
| ITA |
|
|
|a 1
|t 1
|
| LOK |
|
|
|0 000 xxxxxcx a22 zn 4500
|
| LOK |
|
|
|0 001 4541104644
|
| LOK |
|
|
|0 003 DE-627
|
| LOK |
|
|
|0 004 189201016X
|
| LOK |
|
|
|0 005 20240621124444
|
| LOK |
|
|
|0 008 240621||||||||||||||||ger|||||||
|
| LOK |
|
|
|0 040
|a DE-Tue135
|c DE-627
|d DE-Tue135
|
| LOK |
|
|
|0 092
|o n
|
| LOK |
|
|
|0 852
|a DE-Tue135
|
| LOK |
|
|
|0 852 1
|9 00
|
| LOK |
|
|
|0 935
|a ixzs
|
| LOK |
|
|
|0 939
|a 21-06-24
|b l01
|
| ORI |
|
|
|a SA-MARC-ixtheoa001.raw
|
| REL |
|
|
|a 1
|
| SUB |
|
|
|a REL
|